Keeping the traffic flowing (Record no. 73020)

MARC details
000 -LEADER
fixed length control field 01271cam a2200229 4500
001 - CONTROL NUMBER
control field WB3926-19
008 - FIXED-LENGTH DATA ELEMENTS--GENERAL INFORMATION
fixed length control field 030710n2003 000 0 eng u
035 ## - SYSTEM CONTROL NUMBER
System control number (Sirsi) u122969
245 ## - TITLE STATEMENT
Title Keeping the traffic flowing
260 ## - PUBLICATION, DISTRIBUTION, ETC.
Date of publication, distribution, etc. 2003
490 ## - SERIES STATEMENT
Series statement DfT News Release
Volume/sequential designation (2003/0085) 9 July 2003 (7)
520 ## - SUMMARY, ETC.
Summary, etc. The government has announced a £7bn improvements package to alleviate traffic conditions on some of Britain's most congested roads. The package includes motorway and trunk road widening and increased traffic management measures. A feasibility study into the practicalities of a road user charging scheme will also be undertaken. A discussion paper "Managing our roads" has been published at the same time, which sets out the challenges to be faced over the next 20 to 30 years in balancing the needs of the road transport system and its environmental impact. The discussion paper is available at http://www.dft.gov.uk/itwp/roads/pdf/roads.pdf. http://www.dft.gov.uk/pns/DisplayPN.cgi?pn_id=2003_0085
590 ## - LOCAL NOTE (RLIN)
Local note WB
650 ## - SUBJECT ADDED ENTRY--TOPICAL TERM
Topical term or geographic name entry element CONGESTION
650 ## - SUBJECT ADDED ENTRY--TOPICAL TERM
Topical term or geographic name entry element TRUNK ROADS
650 ## - SUBJECT ADDED ENTRY--TOPICAL TERM
Topical term or geographic name entry element MOTORWAYS
650 ## - SUBJECT ADDED ENTRY--TOPICAL TERM
Topical term or geographic name entry element ROAD CHARGING SCHEMES
650 ## - SUBJECT ADDED ENTRY--TOPICAL TERM
Topical term or geographic name entry element ROAD NETWORK
650 ## - SUBJECT ADDED ENTRY--TOPICAL TERM
Topical term or geographic name entry element TRAFFIC MANAGEMENT
690 ## - LOCAL SUBJECT ADDED ENTRY--TOPICAL TERM (OCLC, RLIN)
Topical term or geographic name as entry element TRANSPORT AND COMMUNICATIONS
942 ## - ADDED ENTRY ELEMENTS (KOHA)
Suppress in OPAC 0
Holdings
Withdrawn status Lost status Source of classification or shelving scheme Damaged status Not for loan Home library Current library Shelving location Date acquired Total Checkouts Full call number Barcode Date last seen Copy number Price effective from Koha item type
    Dewey Decimal Classification     London London News article 10/07/2003   WB3926-19 122969-1001 06/08/2019 1 06/08/2019 News article